[Event "Hessen-ch Seniors op 05th"]
[Site "Bad Sooden-Allendorf"]
[Date "2009.04.30"]
[Round "6"]
[White "Polk, Maria"]
[Black "Ludwig, Richard"]
[Result "0-1"]
[WhiteElo "1200"]
[BlackElo "1420"]
[PlyCount "59"]
[EventDate "2009.04.25"]
[EventType "swiss"]
[EventRounds "9"]
[EventCountry "GER"]
[SourceTitle "EXT 2022"]
[Source "ChessBase"]
[SourceDate "2021.10.06"]
[SourceVersion "1"]
[SourceVersionDate "2021.10.06"]
[SourceQuality "1"]

1. e4 Nf6 2. Nc3 d5 3. exd5 Nxd5 4. Nxd5 Qxd5 5. Ne2 e5 6. Nc3 Qd8 7. Bc4 Be7 8. 0-0 0-0 9. Nd5 Bd6 10. d4 c6 11. Ne3 e4 12. c3 Qh4 13. g3 Qe7 14. a3 b5 15. Ba2 Bh3 16. Ng2 Kh8 17. b4 Nd7 18. Re1 f5 19. Qh5 Bg4 20. Qg5 Rae8 21. Qd2 Qf6 22. Ne3 Bf3 23. Ng2 h5 24. Ne3 f4 25. Ng2 Bxg2 26. Kxg2 f3+ 27. Kh1 Qf5 28. Bb1 Qh3 29. Rg1 Nf6 30. Qc2 0-1

[Event "Niedersachsen-ch Seniors op 11th"]
[Site "Bad Bevensen"]
[Date "2008.07.10"]
[Round "3"]
[White "Prinz, Tade"]
[Black "Polk, Maria"]
[Result "1-0"]
[WhiteElo "1478"]
[BlackElo "1171"]
[PlyCount "39"]
[EventDate "2008.07.08"]
[EventType "swiss"]
[EventRounds "9"]
[EventCountry "GER"]
[SourceTitle "EXT 2022"]
[Source "ChessBase"]
[SourceDate "2021.10.06"]
[SourceVersion "1"]
[SourceVersionDate "2021.10.06"]
[SourceQuality "1"]

1. f4 c5 2. e3 e6 3. b3 Nf6 4. Bb2 Be7 5. Nf3 a6 6. Bd3 0-0 7. 0-0 Nc6 8. a3 Ng4 9. Nc3 Bf6 10. Bxh7+ Kxh7 11. Ng5+ Bxg5 12. Qxg4 Bh6 13. Ne4 f6 14. Nd6 f5 15. Qh5 Ne7 16. Rf3 g6 17. Qh4 Rg8 18. Rh3 Qf8 19. Nf7 d6 20. Ng5# 1-0

[Event "GER-ch Seniors Gp-B 19th"]
[Site "Templin"]
[Date "2007.08.30"]
[Round "8"]
[White "Polk, Maria"]
[Black "Kirchner, Holger"]
[Result "1-0"]
[WhiteElo "1182"]
[BlackElo "1114"]
[PlyCount "63"]
[EventDate "2007.08.23"]
[EventType "swiss"]
[EventRounds "9"]
[EventCountry "GER"]
[SourceTitle "EXT 2022"]
[Source "ChessBase"]
[SourceDate "2021.10.06"]
[SourceVersion "1"]
[SourceVersionDate "2021.10.06"]
[SourceQuality "1"]

1. e4 c6 2. g3 d5 3. Bg2 e5 4. Ne2 Nf6 5. exd5 cxd5 6. 0-0 Be7 7. Nbc3 0-0 8. d4 e4 9. Nf4 Nc6 10. b3 a6 11. Nce2 Re8 12. c4 dxc4 13. bxc4 Bf5 14. a3 Rc8 15. h3 h6 16. Rb1 b6 17. d5 Ne5 18. Be3 Bc5 19. Nd4 Nxc4 20. Nxf5 Nxe3 21. Nxe3 Re5 22. Nc4 Re8 23. Re1 Bxf2+ 24. Kxf2 Rxc4 25. Bf1 Rc5 26. d6 e3+ 27. Rxe3 Rxe3 28. Kxe3 Qe8+ 29. Kf2 Ne4+ 30. Kg1 Qd7 31. Rxb6 Nf6 32. Bxa6 1-0

[Event "Niedersachsen-ch Seniors op 10th"]
[Site "Bad Bevensen"]
[Date "2007.07.08"]
[Round "6"]
[White "Freerksen, Uwe"]
[Black "Polk, Maria"]
[Result "0-1"]
[WhiteElo "1020"]
[BlackElo "1206"]
[PlyCount "56"]
[EventDate "2007.07.03"]
[EventType "swiss"]
[EventRounds "9"]
[EventCountry "GER"]
[SourceTitle "EXT 2022"]
[Source "ChessBase"]
[SourceDate "2021.10.06"]
[SourceVersion "1"]
[SourceVersionDate "2021.10.06"]
[SourceQuality "1"]

1. d4 e6 2. Nf3 c5 3. e3 a6 4. b3 cxd4 5. exd4 Nf6 6. Bd3 Be7 7. Bb2 0-0 8. c4 Nc6 9. 0-0 d5 10. a3 dxc4 11. bxc4 Qc7 12. Nbd2 b6 13. Re1 Bb7 14. Qb3 Rad8 15. Ne4 Nxe4 16. Bxe4 f5 17. Bc2 Na5 18. Qc3 Rf6 19. Ne5 Nc6 20. Qh3 Nxe5 21. dxe5 Rg6 22. Qb3 Rxg2+ 23. Kf1 Rxh2 24. f3 Qc5 25. Re2 Rh3 26. Rf2 Bh4 27. Kg2 Qxf2+ 28. Kxh3 Qg3# 0-1

[Event "Hessen-ch Seniors op 03rd"]
[Site "Bad Sooden-Allendorf"]
[Date "2007.05.05"]
[Round "8"]
[White "Zoll, Theobald"]
[Black "Polk, Maria"]
[Result "1/2-1/2"]
[WhiteElo "1480"]
[BlackElo "1219"]
[PlyCount "66"]
[EventDate "2007.04.27"]
[EventType "swiss"]
[EventRounds "9"]
[EventCountry "GER"]
[SourceTitle "EXT 2022"]
[Source "ChessBase"]
[SourceDate "2021.10.06"]
[SourceVersion "1"]
[SourceVersionDate "2021.10.06"]
[SourceQuality "1"]

1. b3 c5 2. c4 e6 3. Bb2 d5 4. cxd5 exd5 5. Nf3 Nc6 6. e3 a6 7. d4 Nf6 8. dxc5 Bxc5 9. Be2 0-0 10. 0-0 Re8 11. a3 b5 12. Qc1 Qd6 13. Nbd2 d4 14. exd4 Nxd4 15. Nxd4 Bxd4 16. Bf3 Ra7 17. Bxd4 Qxd4 18. b4 Qd6 19. Nb3 Bg4 20. Nd2 Rd7 21. Rd1 Qb6 22. Re1 Bxf3 23. Rxe8+ Nxe8 24. Nxf3 Rc7 25. Qb2 Rd7 26. Nd2 Qd8 27. Rd1 Nd6 28. Nb3 Nc4 29. Rxd7 Qxd7 30. Qc1 Nxa3 31. g3 Nc4 32. Nc5 Qd2 33. Qxd2 Nxd2 1/2-1/2

[Event "Hessen-ch Seniors op 03rd"]
[Site "Bad Sooden-Allendorf"]
[Date "2007.05.02"]
[Round "5"]
[White "Polk, Maria"]
[Black "Girod, Gudrun"]
[Result "1/2-1/2"]
[WhiteElo "1219"]
[BlackElo "1320"]
[PlyCount "33"]
[EventDate "2007.04.27"]
[EventType "swiss"]
[EventRounds "9"]
[EventCountry "GER"]
[SourceTitle "EXT 2022"]
[Source "ChessBase"]
[SourceDate "2021.10.06"]
[SourceVersion "1"]
[SourceVersionDate "2021.10.06"]
[SourceQuality "1"]

1. e4 e5 2. g3 Nf6 3. Bg2 d6 4. Ne2 c6 5. 0-0 d5 6. exd5 cxd5 7. d4 e4 8. a3 h6 9. Be3 Be7 10. Nd2 Nc6 11. c4 Be6 12. cxd5 Bxd5 13. Nf4 0-0 14. Nxd5 Qxd5 15. Qb3 Qxb3 16. Nxb3 Rfd8 17. Rad1 1/2-1/2

[Event "Hessen-ch Seniors op 03rd"]
[Site "Bad Sooden-Allendorf"]
[Date "2007.04.29"]
[Round "2"]
[White "Brossette, Horst"]
[Black "Polk, Maria"]
[Result "1-0"]
[WhiteElo "1614"]
[BlackElo "1219"]
[PlyCount "53"]
[EventDate "2007.04.27"]
[EventType "swiss"]
[EventRounds "9"]
[EventCountry "GER"]
[SourceTitle "EXT 2022"]
[Source "ChessBase"]
[SourceDate "2021.10.06"]
[SourceVersion "1"]
[SourceVersionDate "2021.10.06"]
[SourceQuality "1"]

1. d4 e6 2. Nf3 Nf6 3. c4 c5 4. Bg5 cxd4 5. Nxd4 h6 6. Bh4 g5 7. Bg3 Nc6 8. Nb5 d5 9. Nc7+ Ke7 10. Nxa8 e5 11. Nc3 Be6 12. cxd5 Nxd5 13. e4 Nxc3 14. Qxd8+ Nxd8 15. bxc3 f6 16. Nc7 Kf7 17. Nxe6 Kxe6 18. Bc4+ Kd6 19. 0-0 Be7 20. Rfd1+ Kc5 21. Bb3 Nc6 22. f3 b5 23. Bf2+ Nd4 24. cxd4+ exd4 25. Bxd4+ Kc6 26. Bxa7 Kb7 27. Rd7+ 1-0

[Event "Hessen-ch Seniors op 02nd"]
[Site "Bad Sooden-Allendorf"]
[Date "2006.05.01"]
[Round "7"]
[White "Graffenberger, Wilhelm"]
[Black "Polk, Maria"]
[Result "1-0"]
[WhiteElo "1556"]
[BlackElo "1289"]
[PlyCount "97"]
[EventDate "2006.04.25"]
[EventType "swiss"]
[EventRounds "9"]
[EventCountry "GER"]
[SourceTitle "EXT 2007"]
[Source "ChessBase"]
[SourceDate "2006.11.23"]
[SourceVersion "1"]
[SourceVersionDate "2006.11.23"]
[SourceQuality "1"]

1. c4 c5 2. Nc3 e6 3. e4 Nc6 4. g3 Nf6 5. Bg2 Be7 6. Nge2 d6 7. 0-0 0-0 8. d3 Ne5 9. h3 Bd7 10. Be3 h6 11. f4 Nc6 12. f5 exf5 13. exf5 Qc8 14. g4 Ne5 15. Nf4 Bc6 16. Nfd5 Nxd5 17. Nxd5 Re8 18. Qd2 f6 19. Rae1 Qd7 20. Qe2 Nf7 21. Be4 Bf8 22. Qd2 Ng5 23. Bxg5 fxg5 24. f6 Re5 25. Qf2 Qf7 26. Qg2 Re6 27. Qf2 g6 28. Bxg6 Qxg6 29. Rxe6 Qxd3 30. f7+ Kg7 31. Qf6+ Kh7 32. Qf5+ Qxf5 33. Rxf5 Bg7 34. Nf6+ Kh8 35. Rxd6 Rf8 36. Rxc5 Rxf7 37. Rd8+ Rf8 38. Rxf8+ Bxf8 39. Rf5 Kg7 40. Nd5 Bc5+ 41. Kf1 Bd7 42. Rf3 Be8 43. Ke2 h5 44. b4 hxg4 45. hxg4 Bd6 46. c5 Bf8 47. Nc7 Bc6 48. Ne6+ Kg8 49. Rxf8+ 1-0

[Event "Hessen-ch Seniors op 02nd"]
[Site "Bad Sooden-Allendorf"]
[Date "2006.04.29"]
[Round "5"]
[White "Scheffer, Ferdinand"]
[Black "Polk, Maria"]
[Result "1-0"]
[WhiteElo "1605"]
[BlackElo "1289"]
[PlyCount "55"]
[EventDate "2006.04.25"]
[EventType "swiss"]
[EventRounds "9"]
[EventCountry "GER"]
[SourceTitle "EXT 2007"]
[Source "ChessBase"]
[SourceDate "2006.11.23"]
[SourceVersion "1"]
[SourceVersionDate "2006.11.23"]
[SourceQuality "1"]

1. d4 e6 2. c4 c5 3. Nf3 Nf6 4. Bg5 Be7 5. e3 cxd4 6. Nxd4 0-0 7. Bxf6 Bxf6 8. Be2 Nc6 9. Nxc6 bxc6 10. Qc2 Rb8 11. Nc3 d5 12. 0-0 d4 13. Ne4 dxe3 14. Nxf6+ Qxf6 15. Rab1 e5 16. fxe3 Qg5 17. Rf3 g6 18. c5 f5 19. Bc4+ Kh8 20. Qa4 Bd7 21. Qxa7 Qd8 22. Rd1 Ra8 23. Qxd7 Qxd7 24. Rxd7 Rad8 25. Rxd8 Rxd8 26. Rf1 Kg7 27. a4 e4 28. a5 1-0

[Event "Hessen-ch Seniors op 02nd"]
[Site "Bad Sooden-Allendorf"]
[Date "2006.04.26"]
[Round "2"]
[White "Polk, Maria"]
[Black "Lueders, Guenter"]
[Result "0-1"]
[WhiteElo "1289"]
[BlackElo "1720"]
[PlyCount "72"]
[EventDate "2006.04.25"]
[EventType "swiss"]
[EventRounds "9"]
[EventCountry "GER"]
[SourceTitle "EXT 2007"]
[Source "ChessBase"]
[SourceDate "2006.11.23"]
[SourceVersion "1"]
[SourceVersionDate "2006.11.23"]
[SourceQuality "1"]

1. e4 c5 2. g3 Nc6 3. Bg2 d6 4. Ne2 Nf6 5. 0-0 e6 6. d4 cxd4 7. Nxd4 Bd7 8. Be3 a6 9. Nc3 Be7 10. Qe2 0-0 11. Rad1 Qc7 12. f4 Rac8 13. f5 e5 14. Nf3 b5 15. Nd5 Nxd5 16. exd5 Nb8 17. Ng5 Bxg5 18. Bxg5 f6 19. Bc1 Qxc2 20. Qxc2 Rxc2 21. Rf2 Rxf2 22. Kxf2 Bxf5 23. b3 a5 24. h3 Rc8 25. Bf1 b4 26. g4 Bg6 27. h4 Rc2+ 28. Ke1 Be4 29. a3 Bf3 30. Bd3 Bxd1 31. Kxd1 Rc3 32. Bc2 Na6 33. Bd2 Rg3 34. g5 bxa3 35. Kc1 Nb4 36. Be1 Rg1 0-1

[Event "Chiemgau Seniors Cup 1st"]
[Site "Bergen"]
[Date "2005.10.19"]
[Round "9"]
[White "Conitz, Helmut"]
[Black "Polk, Maria"]
[Result "1-0"]
[WhiteElo "1451"]
[BlackElo "1226"]
[PlyCount "125"]
[EventDate "2005.10.11"]
[EventType "swiss"]
[EventRounds "9"]
[EventCountry "GER"]
[SourceTitle "EXT 2007"]
[Source "ChessBase"]
[SourceDate "2006.11.23"]
[SourceVersion "1"]
[SourceVersionDate "2006.11.23"]
[SourceQuality "1"]

1. e4 e6 2. d4 c5 3. c3 Nf6 4. Bd3 Nc6 5. Nf3 cxd4 6. Nxd4 e5 7. Nc2 d5 8. exd5 Nxd5 9. 0-0 Bd6 10. Be4 Nf6 11. Bxc6+ bxc6 12. Ne3 0-0 13. c4 Qc7 14. h3 Bb7 15. Nd2 Rad8 16. Qe2 c5 17. b3 Ne4 18. Nxe4 Bxe4 19. f3 Bg6 20. Nd5 Qb7 21. Bb2 f6 22. Rad1 Rd7 23. Rd2 Rfd8 24. Rfd1 Kf7 25. Kf2 Re8 26. Nc3 e4 27. Rxd6 e3+ 28. Kg1 Rxd6 29. Rxd6 Bf5 30. Qd1 Re7 31. Ne2 Rd7 32. Rxd7+ Bxd7 33. Qd5+ Qxd5 34. cxd5 Bb5 35. Kf1 f5 36. f4 h6 37. Bc1 Ke7 38. Bxe3 Kd6 39. b4 cxb4 40. Bxa7 Kxd5 41. Ke1 Bc4 42. Nc1 Ke4 43. Bb8 g6 44. Nb3 Bxb3 45. axb3 Kd3 46. Kd1 Kc3 47. Be5+ Kxb3 48. Kd2 Kc4 49. Kc2 b3+ 50. Kb2 Kb4 51. Bg7 h5 52. Bh6 Kc4 53. Bg5 Kb4 54. Bh4 Kc4 55. Be1 Kd3 56. Kxb3 Ke2 57. Bh4 Ke3 58. g3 Ke4 59. Kc4 Kf3 60. Kd5 Kg2 61. Ke5 Kxh3 62. Kf6 Kg4 63. Kxg6 1-0

[Event "Chiemgau Seniors Cup 1st"]
[Site "Bergen"]
[Date "2005.10.17"]
[Round "7"]
[White "Ganslmayer, Herbert"]
[Black "Polk, Maria"]
[Result "1-0"]
[WhiteElo "2061"]
[BlackElo "1226"]
[PlyCount "63"]
[EventDate "2005.10.11"]
[EventType "swiss"]
[EventRounds "9"]
[EventCountry "GER"]
[SourceTitle "EXT 2007"]
[Source "ChessBase"]
[SourceDate "2006.11.23"]
[SourceVersion "1"]
[SourceVersionDate "2006.11.23"]
[SourceQuality "1"]

1. d4 e6 2. e3 a6 3. g3 Nf6 4. Bg2 d5 5. Nf3 c5 6. 0-0 Nc6 7. c4 dxc4 8. Nc3 cxd4 9. exd4 b5 10. a3 b4 11. axb4 Bxb4 12. Ne5 0-0 13. Nxc6 Qb6 14. Nxb4 Bb7 15. Bxb7 Qxb7 16. Nc2 Rad8 17. Qe2 Qc6 18. Re1 Rfe8 19. Bg5 Rb8 20. Bxf6 gxf6 21. Ne3 e5 22. d5 Qc8 23. Nxc4 Rb4 24. Nd6 Qb8 25. Nxe8 Qxe8 26. Rxa6 Qe7 27. Ne4 Qb7 28. Nxf6+ Kg7 29. Ne8+ Kf8 30. Nd6 Qb8 31. Qxe5 Rxb2 32. Qh8# 1-0

[Event "Chiemgau Seniors Cup 1st"]
[Site "Bergen"]
[Date "2005.10.16"]
[Round "6"]
[White "Polk, Maria"]
[Black "Sandner, Josef"]
[Result "0-1"]
[WhiteElo "1226"]
[BlackElo "1501"]
[PlyCount "120"]
[EventDate "2005.10.11"]
[EventType "swiss"]
[EventRounds "9"]
[EventCountry "GER"]
[SourceTitle "EXT 2007"]
[Source "ChessBase"]
[SourceDate "2006.11.23"]
[SourceVersion "1"]
[SourceVersionDate "2006.11.23"]
[SourceQuality "1"]

1. e4 c5 2. g3 d6 3. Bg2 Nf6 4. Ne2 Nc6 5. c3 Bd7 6. d4 cxd4 7. cxd4 g6 8. 0-0 Bg7 9. Be3 0-0 10. Qd2 Rc8 11. Nbc3 Ng4 12. d5 Nxe3 13. Qxe3 Ne5 14. h3 b6 15. b3 f5 16. f4 Nf7 17. Rac1 Re8 18. Nd4 a6 19. Ne6 Bxe6 20. dxe6 Nh6 21. Nd5 Rc5 22. b4 Rxc1 23. Rxc1 fxe4 24. Bxe4 Qb8 25. Qxb6 Qxb6+ 26. Nxb6 Bd4+ 27. Kg2 Bxb6 28. g4 Kf8 29. g5 Ng8 30. f5 Kg7 31. Rf1 Bd4 32. a4 Rb8 33. Rb1 h6 34. gxh6+ Nxh6 35. fxg6 Kf6 36. h4 Kxe6 37. Kf3 Rf8+ 38. Ke2 d5 39. Bd3 Rh8 40. Bc2 Rc8 41. Bd3 Rb8 42. Bxa6 Ra8 43. Bb5 Kd6 44. Rc1 Ra7 45. Rc6+ Ke5 46. Kf3 e6 47. Rc1 Nf5 48. Kg4 Ra8 49. Kg5 Be3+ 50. Kg4 Bxc1 51. h5 Kf6 52. Bc6 Ra7 53. Be8 Bd2 54. b5 Rxa4+ 55. Kf3 Rb4 56. Ke2 Bf4 57. Kf3 e5 58. Bf7 Rxb5 59. Kg4 Nh6+ 60. Kh4 Nxf7 0-1

[Event "Brandenburg Seniors op 13th"]
[Site "Lindow/Mark"]
[Date "2005.09.15"]
[Round "9"]
[White "Heinrich, Klaus1111"]
[Black "Polk, Maria"]
[Result "1-0"]
[WhiteElo "1634"]
[BlackElo "1213"]
[PlyCount "45"]
[EventDate "2005.09.07"]
[EventType "swiss"]
[EventRounds "9"]
[EventCountry "GER"]
[SourceTitle "EXT 2007"]
[Source "ChessBase"]
[SourceDate "2006.11.23"]
[SourceVersion "1"]
[SourceVersionDate "2006.11.23"]
[SourceQuality "1"]

1. d4 e6 2. c4 Nc6 3. Nf3 Nf6 4. a3 d5 5. Nc3 a6 6. e3 dxc4 7. Bxc4 b5 8. Bd3 Bd6 9. 0-0 0-0 10. e4 Be7 11. Be3 e5 12. d5 Nb8 13. Nxe5 Qd6 14. Nf3 c5 15. e5 Qb6 16. exf6 Qxf6 17. Ne4 Qb6 18. b4 Nd7 19. Rc1 Bb7 20. bxc5 Nxc5 21. Nxc5 Qd6 22. Nxb7 Qxd5 23. Bxh7+ 1-0

[Event "Brandenburg-ch Seniors 13th"]
[Site "Lindow/Mark"]
[Date "2005.09.07"]
[Round "1"]
[White "Polk, Maria"]
[Black "Thormann, Werner"]
[Result "0-1"]
[WhiteElo "1213"]
[BlackElo "1731"]
[PlyCount "74"]
[EventDate "2005.09.07"]
[EventType "swiss"]
[EventRounds "9"]
[EventCountry "GER"]
[SourceTitle "EXT 2007"]
[Source "ChessBase"]
[SourceDate "2006.11.23"]
[SourceVersion "1"]
[SourceVersionDate "2006.11.23"]
[SourceQuality "1"]

1. e4 c5 2. g3 Nc6 3. Bg2 g6 4. Ne2 Bg7 5. c3 e5 6. 0-0 Nge7 7. d3 0-0 8. Be3 Qb6 9. Qd2 Rd8 10. Na3 d5 11. b4 d4 12. Nc4 Qc7 13. Bh6 dxc3 14. Nxc3 cxb4 15. Nb5 Qd7 16. Nbd6 b5 17. Bxg7 Kxg7 18. Nxb5 Ba6 19. a4 Rab8 20. Nbd6 Bxc4 21. Nxc4 Qxd3 22. Qxd3 Rxd3 23. Rfd1 Rbd8 24. Rxd3 Rxd3 25. Bf1 Rd4 26. f3 Kf6 27. h4 h6 28. Ne3 Kg7 29. a5 f5 30. exf5 gxf5 31. Bh3 f4 32. Nf5+ Nxf5 33. Bxf5 fxg3 34. Kg2 Rd2+ 35. Kxg3 Nd4 36. Be4 b3 37. Rc1 Ne2+ 0-1

[Event "Hessen-ch Seniors op 01st"]
[Site "Bad Sooden-Allendorf"]
[Date "2005.04.29"]
[Round "8"]
[White "Polk, Maria"]
[Black "Klose, Hans Peter"]
[Result "0-1"]
[WhiteElo "1239"]
[BlackElo "1487"]
[PlyCount "57"]
[EventDate "2005.04.22"]
[EventType "swiss"]
[EventRounds "9"]
[EventCountry "GER"]
[SourceTitle "EXT 2007"]
[Source "ChessBase"]
[SourceDate "2006.11.23"]
[SourceVersion "1"]
[SourceVersionDate "2006.11.23"]
[SourceQuality "1"]

1. e4 b6 2. g3 Bb7 3. Bg2 d6 4. Ne2 Nf6 5. d3 e5 6. 0-0 Be7 7. Nbc3 0-0 8. Bg5 Nbd7 9. Nd5 Nxd5 10. exd5 Bxg5 11. f4 exf4 12. gxf4 Bf6 13. d4 Ba6 14. Rf3 Bxe2 15. Qxe2 Re8 16. Qd3 Nf8 17. Rh3 Qe7 18. Rf1 Qe2 19. c3 Qxd3 20. Rxd3 Re2 21. Rf2 Rxf2 22. Kxf2 Re8 23. Re3 Rxe3 24. Kxe3 Be7 25. h3 Ng6 26. f5 Nh4 27. Bf1 Nxf5+ 28. Kd3 h5 29. Ke4 0-1

[Event "Hessen-ch Seniors op 01st"]
[Site "Bad Sooden-Allendorf"]
[Date "2005.04.24"]
[Round "3"]
[White "Spaete, Erwin"]
[Black "Polk, Maria"]
[Result "1/2-1/2"]
[WhiteElo "1594"]
[BlackElo "1239"]
[PlyCount "46"]
[EventDate "2005.04.22"]
[EventType "swiss"]
[EventRounds "9"]
[EventCountry "GER"]
[SourceTitle "EXT 2007"]
[Source "ChessBase"]
[SourceDate "2006.11.23"]
[SourceVersion "1"]
[SourceVersionDate "2006.11.23"]
[SourceQuality "1"]

1. d4 e6 2. e4 c5 3. Nf3 Nf6 4. e5 Nd5 5. c4 Nc7 6. d5 exd5 7. cxd5 d6 8. Be2 Be7 9. Nc3 0-0 10. 0-0 dxe5 11. Nxe5 a6 12. Be3 b6 13. Nc4 Ne8 14. Bf3 Ra7 15. Bf4 Nd6 16. Ne3 Nd7 17. Bxd6 Bxd6 18. Ne4 Ne5 19. Nxd6 Qxd6 20. Be4 f5 21. Bf3 f4 22. Nc2 Raf7 23. Re1 Nxf3+ 1/2-1/2

[Event "Wch Seniors 14th"]
[Site "Halle"]
[Date "2004.11.05"]
[Round "11"]
[White "Polk, Maria"]
[Black "Bromberger, Guenter"]
[Result "1/2-1/2"]
[WhiteElo "1229"]
[BlackElo "1387"]
[PlyCount "47"]
[EventDate "2004.10.24"]
[EventType "swiss"]
[EventRounds "11"]
[EventCountry "GER"]
[SourceTitle "EXT 2005"]
[Source "ChessBase"]
[SourceDate "2004.11.15"]
[SourceVersion "1"]
[SourceVersionDate "2004.11.15"]
[SourceQuality "1"]

1. e4 e5 2. g3 Nc6 3. Bg2 Bc5 4. Ne2 Qf6 5. 0-0 d6 6. Nbc3 Nge7 7. Nd5 Nxd5 8. exd5 Nd4 9. Nxd4 Bxd4 10. c3 Bb6 11. d4 0-0 12. dxe5 Qxe5 13. Qe1 Re8 14. Bf4 Qxe1 15. Raxe1 Bf5 16. Be3 Bd3 17. Bxb6 Bxf1 18. Rxe8+ Rxe8 19. Bxc7 Bxg2 20. Kxg2 Re2 21. Bxd6 Rxb2 22. a3 Rb5 23. c4 Ra5 24. Bb4 1/2-1/2